Mcgraw-hill Reading (Record no. 5023)

000 -LEADER
fixed length control field 00481 a2200157 4500
020 ## - INTERNATIONAL STANDARD BOOK NUMBER
International Standard Book Number 0021847231
040 ## - CATALOGING SOURCE
Original cataloging agency DLC
Language of cataloging DLC
082 ## - DEWEY DECIMAL CLASSIFICATION NUMBER
Classification number 808.0427
245 ## - TITLE STATEMENT
Title Mcgraw-hill Reading
Statement of responsibility, etc. James Flood, .... [et, al].
260 ## - PUBLICATION, DISTRIBUTION, ETC.
Place of publication, distribution, etc. New York :
Name of publisher, distributor, etc. Mcgraw-hill School Division,
Date of publication, distribution, etc. 2001.
300 ## - PHYSICAL DESCRIPTION
Extent 409 p. :
Other physical details ill. ;
Dimensions 27 cm.
500 ## - GENERAL NOTE
General note Includes Index.
650 ## - SUBJECT ADDED ENTRY--TOPICAL TERM
Topical term or geographic name entry element Literature--Collection.
700 ## - ADDED ENTRY--PERSONAL NAME
Personal name 1.Flood, James.2.Hasbrouck, Jan E.3.HGoffman, James V.
942 ## - ADDED ENTRY ELEMENTS (KOHA)
Koha item type Book
Call number prefix 808.0427 FLO
Source of classification or shelving scheme
Holdings
Withdrawn status Lost status Damaged status Not for loan Collection code Permanent Location Current Location Shelving location Date acquired Source of acquisition Total Checkouts Full call number Barcode Date last seen Price effective from Koha item type
          Central Library (CL) Central Library (CL) General Stacks 07/09/2005 Donation   808.0427 FLO SEECS006002 11/14/2012 01/05/2017 Book
          Central Library (CL) Central Library (CL) General Stacks 07/09/2005 Donation   808.0427 FLO SEECS006003 11/14/2012 01/05/2017 Book
© 2023 Central Library, National University of Sciences and Technology. All Rights Reserved.